000 00635nam a2200205Ia 4500
008 150520s9999 xx 000 0 und d
050 _aBF 575
050 _b.Si366 2014
100 _aSiano, Bryan Joseph.
245 _aCommon stressors of third year BS major in medical technology students to south-seed LPDH college (SSLC) /
245 _cBryan Joseph Siano .
260 _aLas PiƱas, Philippines :
260 _bSISC,
260 _c2014.
300 _a40 pages :
300 _billustrations ;
300 _c28 cm.
500 _aIncludes bibliographical references and appendices.
650 _aPsychological Stress
999 _c284045
_d284045